Southeast Asia : history, economy, policy

Guardado en:
Detalles Bibliográficos
Formato: Libro
Lenguaje:Undetermined
Publicado: Moscow Progress Publishers 1972
Materias:
Etiquetas: Agregar Etiqueta
Sin Etiquetas, Sea el primero en etiquetar este registro!
Thư viện lưu trữ: Trung tâm Học liệu Trường Đại học Cần Thơ
LEADER 00521nam a2200193Ia 4500
001 CTU_92764
008 210402s9999 xx 000 0 und d
082 |a 959 
082 |b S719 
245 0 |a Southeast Asia : 
245 0 |b history, economy, policy 
245 0 |c Edited by V.A. Zharov, E.Kh. Kiamilev, and V.A. Tiurin 
260 |a Moscow 
260 |b Progress Publishers 
260 |c 1972 
650 |a History 
650 |z Asean 
904 |i Bằng 
980 |a Trung tâm Học liệu Trường Đại học Cần Thơ